01294 2200289 4500001002100000005001500021035002000036007000300056008004100059020002200100082001200122084002100134100002900155245008200184250001700266300004400283650002500327700002200352504003000374520045600404264003800860336002100898337003000919338002300949990001600972990001600988INLIS00000000101231020221025032815 a0010-1022000168ta221025 g 0 ind  a978-602-0862-68-2 a636.513 aSR 636.513 FAI m0 aFaida Annailaepengarang1 aMenjadi kaya dengan beternak ayam broiler /cFaida Annaila; penyunting, Wahyu aCetakan 2021 aviii, 114 halaman :bIlustrasi ;c21 cm 4aTernak ayam pedaging0 aWahyuepenyunting abibliografi : halaman 113 aBuku ini hadir untuk membantu Anda yang ingin mencoba membuka alternatif lapangan kerja baru dengan memberikan gambaran singkat, pola kerja, perhitungan dan cara kerja sehingga hal ini bisa menjadi landasan untuk memutuskan jenis usaha apa yang akan Anda tekuni. Buku ini menjelaskan langkah-langkah budidaya ayam broiler, yaitu Ayam Broiler, Analisis Usaha, Bibit Ayam Broiler, Kandang, Pakan, Pemeliharaan, Mengatasi Penyakit, Panen dan Pasca-Panen. aYogyakarta :bIstana Media,c2021 2rdacontentaTeks 2rdamediaaTanpa perantara 2rdacarrieraVolume a50327.63147 a50328.63148